[Event "24th Klatovy A 2016"]
[Site "Klatovy CZE"]
[Date "2016.07.06"]
[Round "5.6"]
[White "Hausner, Ivan"]
[Black "Filipi, Stepan"]
[Result "1/2-1/2"]
[WhiteElo "2345"]
[BlackElo "2164"]
[PlyCount "35"]
[EventDate "2016.07.02"]
[EventType "swiss"]
[EventRounds "9"]
[EventCountry "CZE"]

1. d4 Nf6 2. c4 e6 3. g3 d5 4. Nf3 dxc4 5. Bg2 a6 6. O-O Nc6 7. Nc3 Rb8 8. e4 b5 9. e5 Nd5 10. Ng5 Be7 11. Qh5 g6 12. Qh6 Bf8 13. Qh3 Be7 14. Qh6 Bf8 15. Qh3 Be7 16. Qh6 Nxd4 17. Qg7 Rf8 18. Nce4 1/2-1/2

[Event "24th Klatovy A 2016"]
[Site "Klatovy CZE"]
[Date "2016.07.06"]
[Round "5.7"]
[White "Vyprachticky, David"]
[Black "Chmel, Kristian"]
[Result "1-0"]
[WhiteElo "2246"]
[BlackElo "2114"]
[PlyCount "79"]
[EventDate "2016.07.02"]
[EventType "swiss"]
[EventRounds "9"]
[EventCountry "CZE"]

1. d4 Nf6 2. c4 g6 3. Nc3 d5 4. cxd5 Nxd5 5. e4 Nxc3 6. bxc3 Bg7 7. Nf3 c5 8. Rb1 O-O 9. Be2 Nc6 10. d5 Ne5 11. Nxe5 Bxe5 12. Qd2 e6 13. f4 Bg7 14. c4 Rb8 15. Bb2 Bxb2 16. Rxb2 b5 17. Rxb5 Rxb5 18. cxb5 exd5 19. exd5 Bg4 20. Bxg4 Qh4+ 21. Qf2 Qxg4 22. O-O Re8 23. h3 Qf5 24. Qxc5 Re2 25. Qd4 Qc2 26. Rf2 Re1+ 27. Kh2 Qc1 28. d6 Rd1 29. Qe5 h5 30. h4 Rh1+ 31. Kg3 Qd1 32. Re2 Qg1 33. d7 Qh2+ 34. Kf3 Rf1+ 35. Ke4 Qxh4 36. Qb8+ Kg7 37. d8=Q f5+ 38. Kd3 Rd1+ 39. Rd2 Qg3+ 40. Kc2 1-0

[Event "24th Klatovy A 2016"]
[Site "Klatovy CZE"]
[Date "2016.07.06"]
[Round "5.9"]
[White "Soural, Jan"]
[Black "Zeman, Matyas"]
[Result "1/2-1/2"]
[WhiteElo "2231"]
[BlackElo "2056"]
[PlyCount "44"]
[EventDate "2016.07.02"]
[EventType "swiss"]
[EventRounds "9"]
[EventCountry "CZE"]

1. d4 Nf6 2. c4 g6 3. Nc3 c5 4. d5 d6 5. e4 Bg7 6. Be2 O-O 7. Bg5 b5 8. cxb5 a6 9. bxa6 Bxa6 10. Nf3 Nbd7 11. O-O Qc7 12. a4 Qb7 13. Bb5 Bxb5 14. axb5 Rxa1 15. Qxa1 Ra8 16. Qd1 h6 17. Bf4 g5 18. Bd2 Nb6 19. Qe2 Nfd7 20. Rb1 Qa7 21. h4 f6 22. Kh1 Qa5 1/2-1/2

[Event "24th Klatovy A 2016"]
[Site "Klatovy CZE"]
[Date "2016.07.06"]
[Round "5.10"]
[White "Formanek, Martin"]
[Black "Kuba, Stanislav"]
[Result "1-0"]
[WhiteElo "2227"]
[BlackElo "2156"]
[PlyCount "89"]
[EventDate "2016.07.02"]
[EventType "swiss"]
[EventRounds "9"]
[EventCountry "CZE"]

1. e4 e5 2. Nf3 Nc6 3. Bb5 d6 4. O-O a6 5. Ba4 b5 6. Bb3 Na5 7. d4 Nxb3 8. axb3 f6 9. c4 Be6 10. d5 Bd7 11. Ne1 Ne7 12. Nc3 g6 13. Nd3 Bg7 14. c5 O-O 15. c6 Be8 16. Ra5 f5 17. f3 f4 18. Bd2 Qb8 19. Ne2 Qb6+ 20. Kh1 Nxc6 21. dxc6 Bxc6 22. b4 Rfd8 23. Qb3+ Kh8 24. Nc3 Bb7 25. Nd5 Bxd5 26. Qxd5 c5 27. Raa1 c4 28. Nf2 Qd4 29. Bc3 Qb6 30. Nd1 Qc7 31. Ra5 g5 32. Be1 Qc8 33. Nc3 Bf6 34. Bf2 g4 35. fxg4 Qxg4 36. Qd1 Qg6 37. Qf3 Rg8 38. Rfa1 Rg7 39. Rxa6 Rag8 40. Rg1 Qh6 41. Rxd6 Rg3 42. Bxg3 Rxg3 43. Qf2 Rg6 44. Rgd1 Bh4 45. Rxg6 1-0

[Event "24th Klatovy A 2016"]
[Site "Klatovy CZE"]
[Date "2016.07.06"]
[Round "5.11"]
[White "Kozak, Milos"]
[Black "Toman, Ondrej"]
[Result "0-1"]
[WhiteElo "2152"]
[BlackElo "2197"]
[PlyCount "50"]
[EventDate "2016.07.02"]
[EventType "swiss"]
[EventRounds "9"]
[EventCountry "CZE"]

1. d4 Nf6 2. c4 g6 3. Nc3 Bg7 4. e4 d6 5. Nf3 O-O 6. Be2 e5 7. O-O Nc6 8. d5 Ne7 9. b4 a5 10. Ba3 b6 11. bxa5 Rxa5 12. Bb4 Ra8 13. a4 Nh5 14. a5 bxa5 15. Rxa5 Rb8 16. Rb5 Bd7 17. Rxb8 Qxb8 18. Nb5 Nf4 19. Nd2 f5 20. Re1 fxe4 21. Nxe4 Nexd5 22. Ba5 Nxe2+ 23. Qxe2 Nf4 24. Qb2 Nd3 25. Qc3 Nxe1 0-1

[Event "24th Klatovy A 2016"]
[Site "Klatovy CZE"]
[Date "2016.07.06"]
[Round "5.12"]
[White "Palek, Miroslav"]
[Black "Maly, Filip"]
[Result "1-0"]
[WhiteElo "2187"]
[BlackElo "1954"]
[PlyCount "61"]
[EventDate "2016.07.02"]
[EventType "swiss"]
[EventRounds "9"]
[EventCountry "CZE"]

1. e4 c5 2. Nf3 d6 3. Bd3 Nf6 4. h3 g6 5. c3 Bg7 6. Bc2 O-O 7. O-O Nbd7 8. d3 b5 9. Be3 Bb7 10. Nbd2 e5 11. d4 cxd4 12. cxd4 d5 13. Nxe5 Nxe5 14. dxe5 Nxe4 15. Bd4 Re8 16. Nf3 a6 17. Bd3 Rc8 18. Rc1 Bh6 19. Rc2 Bf4 20. g3 Bh6 21. Kh2 Qd7 22. Re1 Rxc2 23. Qxc2 Bg7 24. Qd1 Bc8 25. Bf1 Qf5 26. Bg2 Qh5 27. a4 Bg4 28. Qd3 Bxe5 29. Nxe5 Bxh3 30. Bxh3 Ng5 31. g4 1-0

[Event "24th Klatovy A 2016"]
[Site "Klatovy CZE"]
[Date "2016.07.06"]
[Round "5.13"]
[White "Horak, Martin"]
[Black "Vedral, Oldrich"]
[Result "1/2-1/2"]
[WhiteElo "2107"]
[BlackElo "2289"]
[PlyCount "116"]
[EventDate "2016.07.02"]
[EventType "swiss"]
[EventRounds "9"]
[EventCountry "CZE"]

1. e4 c5 2. b3 d6 3. Bb5+ Bd7 4. Bxd7+ Qxd7 5. Bb2 Nf6 6. Nc3 Nc6 7. Nge2 e5 8. d3 Be7 9. f4 O-O 10. O-O Ng4 11. Nd5 Nf6 12. Nec3 Nd4 13. Nxf6+ Bxf6 14. Nd5 Qd8 15. c3 Nc6 16. fxe5 Bxe5 17. d4 Bxh2+ 18. Kxh2 Qh4+ 19. Kg1 Qxe4 20. Qf3 Rae8 21. dxc5 dxc5 22. c4 Nd4 23. Qxe4 Rxe4 24. Bxd4 cxd4 25. Rfe1 Rfe8 26. Rxe4 Rxe4 27. Kf2 f5 28. Rh1 h6 29. Rh5 d3 30. Nc3 d2 31. Rxf5 Re1 32. Rd5 Rc1 33. Rxd2 Rxc3 34. Rd7 Rc2+ 35. Kf3 Rxa2 36. Rxb7 a5 37. c5 Rc2 38. Rb5 Kf7 39. g4 Ke6 40. Ke4 a4 41. Rb6+ Kf7 42. Kd5 axb3 43. Rxb3 Kf6 44. c6 Kg5 45. Rb4 g6 46. Rc4 Rd2+ 47. Ke6 Rd8 48. c7 Rc8 49. Kd7 Rxc7+ 50. Kxc7 h5 51. gxh5 gxh5 52. Kd6 h4 53. Ke5 h3 54. Rc7 Kg4 55. Rg7+ Kf3 56. Rh7 Kg2 57. Kf4 h2 58. Rxh2+ Kxh2 1/2-1/2

[Event "24th Klatovy A 2016"]
[Site "Klatovy CZE"]
[Date "2016.07.06"]
[Round "5.14"]
[White "Novotny, Michal"]
[Black "Brunova, Blanka"]
[Result "1-0"]
[WhiteElo "2283"]
[BlackElo "1880"]
[PlyCount "73"]
[EventDate "2016.07.02"]
[EventType "swiss"]
[EventRounds "9"]
[EventCountry "CZE"]

1. d4 Nf6 2. Nf3 g6 3. Nc3 Bg7 4. e4 O-O 5. Be3 d6 6. Qd2 Bg4 7. O-O-O Nc6 8. Be2 Nd7 9. d5 Nce5 10. Bh6 c6 11. Bxg7 Kxg7 12. Nxe5 Nxe5 13. f3 Bd7 14. f4 Ng4 15. h3 Nf6 16. g4 cxd5 17. exd5 Qb6 18. g5 Ng8 19. Bg4 f5 20. Bf3 Rac8 21. Qd4+ Qxd4 22. Rxd4 b5 23. Rhd1 a5 24. R4d2 b4 25. Ne2 h6 26. h4 a4 27. Kb1 Rc5 28. Nd4 Rfc8 29. Re1 a3 30. bxa3 bxa3 31. Re3 Ra5 32. Rb3 Rc4 33. Be2 Rcc5 34. c4 Kf7 35. Rb7 Bc8 36. Rb6 h5 37. Nb3 1-0

[Event "24th Klatovy A 2016"]
[Site "Klatovy CZE"]
[Date "2016.07.06"]
[Round "5.15"]
[White "Dolansky, Lukas"]
[Black "Barrish, Daniel"]
[Result "1/2-1/2"]
[WhiteElo "2102"]
[BlackElo "2183"]
[PlyCount "106"]
[EventDate "2016.07.02"]
[EventType "swiss"]
[EventRounds "9"]
[EventCountry "CZE"]

1. e4 c5 2. Nf3 e6 3. d3 Nc6 4. g3 Nge7 5. Bg2 g6 6. O-O Bg7 7. Nbd2 O-O 8. Re1 e5 9. Nc4 d6 10. h3 f5 11. Kh2 f4 12. c3 h6 13. gxf4 exf4 14. d4 cxd4 15. cxd4 g5 16. d5 Ne5 17. Nfxe5 Bxe5 18. Nxe5 dxe5 19. b3 Ng6 20. Bf3 Qb6 21. Rf1 Bd7 22. a4 Rf7 23. Bb2 Qf6 24. Rg1 Rh7 25. Bg4 Bxg4 26. Qxg4 Qb6 27. Rac1 Rg7 28. Qf3 Nh4 29. Qe2 Qxb3 30. Rc3 Qxa4 31. Rgc1 Qd7 32. Rc7 Qd6 33. Rxg7+ Kxg7 34. Qb5 Rb8 35. Ba3 Qb6 36. Qd7+ Kg6 37. Kg1 Qd8 38. Qe6+ Qf6 39. Qd7 Nf3+ 40. Kg2 Nd4 41. Qc7 f3+ 42. Kh1 Rg8 43. Qxb7 g4 44. Bb2 Kh5 45. Bxd4 exd4 46. Rc6 Qf4 47. Qh7 Qg5 48. hxg4+ Kxg4 49. Rxh6 Qc1+ 50. Kh2 Qf4+ 51. Kh1 Qc1+ 52. Kh2 Qf4+ 53. Kh1 Qc1+ 1/2-1/2

[Event "24th Klatovy A 2016"]
[Site "Klatovy CZE"]
[Date "2016.07.06"]
[Round "5.16"]
[White "Pick, Stepan"]
[Black "Bartos, Jan"]
[Result "1/2-1/2"]
[WhiteElo "2058"]
[BlackElo "2180"]
[PlyCount "96"]
[EventDate "2016.07.02"]
[EventType "swiss"]
[EventRounds "9"]
[EventCountry "CZE"]

1. c4 e5 2. e3 Nf6 3. d4 exd4 4. exd4 d5 5. Nf3 Bb4+ 6. Nc3 O-O 7. Be2 dxc4 8. Bxc4 Re8+ 9. Ne5 Be6 10. O-O Bxc4 11. Nxc4 Nc6 12. Be3 Ne4 13. Nxe4 Rxe4 14. a3 Qd5 15. Ne5 Ba5 16. Nxc6 bxc6 17. Rc1 Bb6 18. Qc2 Re6 19. Rfd1 Rae8 20. g3 h5 21. Qc4 Qf3 22. Qf1 h4 23. Re1 h3 24. Qxh3 Bxd4 25. Qxe6 Rxe6 26. Bxd4 Rxe1+ 27. Rxe1 a5 28. Bc3 a4 29. h4 Kh7 30. Re3 Qd1+ 31. Kg2 Kg6 32. Be5 Qd7 33. Bc3 f6 34. Kh2 Qf5 35. Kg1 Kf7 36. Re1 Qd7 37. Kf1 c5 38. Re3 Kg6 39. Re2 Qd6 40. Re4 Kh5 41. Rf4 Qd1+ 42. Kg2 Kg6 43. Ba5 Qc2 44. Bc3 Qd1 45. Ba5 c6 46. Bc3 Kf7 47. Ba5 c4 48. Bc3 Qd5+ 1/2-1/2

[Event "24th Klatovy A 2016"]
[Site "Klatovy CZE"]
[Date "2016.07.06"]
[Round "5.17"]
[White "Oz, Ozan"]
[Black "Chalupa, Ivan"]
[Result "0-1"]
[WhiteElo "1863"]
[BlackElo "2175"]
[PlyCount "106"]
[EventDate "2016.07.02"]
[EventType "swiss"]
[EventRounds "9"]
[EventCountry "CZE"]

1. e4 c5 2. Nf3 e6 3. d4 cxd4 4. Nxd4 a6 5. Bd3 Bc5 6. Nb3 Be7 7. O-O d6 8. c4 Nf6 9. Nc3 O-O 10. Bg5 Nbd7 11. f4 Qc7 12. Rc1 b6 13. Bb1 Bb7 14. Qd3 g6 15. Nd2 Rfe8 16. b4 Bf8 17. a3 Rac8 18. Ba2 Bg7 19. Rfd1 b5 20. h3 Nh5 21. Ne2 h6 22. Bh4 Nxf4 23. Nxf4 g5 24. cxb5 Qxc1 25. Rxc1 Rxc1+ 26. Kf2 Be5 27. g3 axb5 28. Bb3 gxh4 29. Ne2 hxg3+ 30. Kg2 Re1 31. Nf3 Nf6 32. Qxb5 Bxe4 33. Nxg3 Bxf3+ 34. Kxf3 Bxg3 35. Ba4 Be5 36. Qb7 Rf8 37. Bc6 Rc1 38. a4 Rc3+ 39. Kg2 d5 40. b5 d4 41. Kf2 Rc2+ 42. Ke1 d3 43. Bf3 Bc3+ 44. Kf1 Rc1+ 45. Kf2 Bd4+ 46. Kg2 d2 47. a5 d1=Q 48. Bxd1 Rxd1 49. b6 Be5 50. Kf2 Rfd8 51. a6 R8d2+ 52. Kf3 Rf1+ 53. Ke3 Bf4# 0-1

[Event "24th Klatovy A 2016"]
[Site "Klatovy CZE"]
[Date "2016.07.06"]
[Round "5.18"]
[White "Stolc, Martin"]
[Black "Slovak, Kilian"]
[Result "1-0"]
[WhiteElo "2042"]
[BlackElo "2108"]
[PlyCount "65"]
[EventDate "2016.07.02"]
[EventType "swiss"]
[EventRounds "9"]
[EventCountry "CZE"]

1. e4 c5 2. f4 d5 3. e5 Nc6 4. c4 d4 5. Bd3 Nb4 6. Be4 d3 7. Na3 Qd4 8. Qf3 Bg4 9. Qe3 O-O-O 10. h3 Be6 11. Nf3 Qxe3+ 12. dxe3 h6 13. Nd2 f5 14. Bf3 Bd7 15. Nb3 b6 16. Bd2 e6 17. Bxb4 cxb4 18. Nb5 Bxb5 19. cxb5 Bc5 20. Kd2 Kb8 21. Rac1 Ne7 22. Nxc5 bxc5 23. Rxc5 Rd7 24. Rhc1 g5 25. R1c4 Rg8 26. fxg5 hxg5 27. Rxb4 Nc8 28. a4 g4 29. hxg4 fxg4 30. Bxg4 Nb6 31. a5 Nd5 32. Rd4 Rg5 33. Bxe6 1-0

[Event "24th Klatovy A 2016"]
[Site "Klatovy CZE"]
[Date "2016.07.06"]
[Round "5.19"]
[White "Zilavy, Jan"]
[Black "Miesbauer, Jan"]
[Result "1-0"]
[WhiteElo "2030"]
[BlackElo "2321"]
[PlyCount "55"]
[EventDate "2016.07.02"]
[EventType "swiss"]
[EventRounds "9"]
[EventCountry "CZE"]

1. e4 c5 2. Nf3 d6 3. d4 cxd4 4. Nxd4 Nf6 5. Nc3 Nc6 6. Bc4 e6 7. Be3 a6 8. Qe2 Be7 9. O-O-O Qc7 10. Bb3 O-O 11. Rhg1 b5 12. g4 b4 13. Qc4 bxc3 14. Nxc6 cxb2+ 15. Kxb2 Bb7 16. Nxe7+ Qxe7 17. e5 Ne4 18. exd6 Qf6+ 19. Qd4 Rfd8 20. Qxf6 gxf6 21. d7 Bc6 22. h4 a5 23. f3 a4 24. fxe4 axb3 25. axb3 Rxd7 26. Rxd7 Bxd7 27. Bh6 Rb8 28. c4 1-0

[Event "24th Klatovy A 2016"]
[Site "Klatovy CZE"]
[Date "2016.07.06"]
[Round "5.20"]
[White "Jelinek, Michal"]
[Black "Zizka, Petr"]
[Result "1/2-1/2"]
[WhiteElo "2176"]
[BlackElo "2004"]
[PlyCount "62"]
[EventDate "2016.07.02"]
[EventType "swiss"]
[EventRounds "9"]
[EventCountry "CZE"]

1. d4 d6 2. Nf3 Nf6 3. c4 g6 4. Nc3 Bg7 5. e4 O-O 6. Be2 e5 7. O-O Nc6 8. d5 Ne7 9. b4 Ne8 10. Nd2 f5 11. c5 f4 12. Nc4 g5 13. a4 Ng6 14. Bg4 Bxg4 15. Qxg4 Rf7 16. Ba3 Bf8 17. f3 Ng7 18. g3 b6 19. Ra2 Be7 20. Qh3 Qf8 21. g4 dxc5 22. b5 Bd6 23. Rff2 Nh4 24. Qf1 Ne8 25. Ne2 Nf6 26. Nc1 Nd7 27. Nd3 Re7 28. Bb2 Qg7 29. Qa1 a5 30. bxa6 Ng6 31. Bc3 Rxa6 1/2-1/2

[Event "24th Klatovy A 2016"]
[Site "Klatovy CZE"]
[Date "2016.07.06"]
[Round "5.21"]
[White "Novy, Daniel"]
[Black "Simunek, Filip"]
[Result "0-1"]
[WhiteElo "1987"]
[BlackElo "2143"]
[PlyCount "54"]
[EventDate "2016.07.02"]
[EventType "swiss"]
[EventRounds "9"]
[EventCountry "CZE"]

1. e4 c5 2. Nf3 d6 3. d4 cxd4 4. Nxd4 Nf6 5. Nc3 Nc6 6. Be2 e6 7. Be3 a6 8. Qd2 Be7 9. f3 Qc7 10. Nb3 O-O 11. g4 b5 12. g5 Nd7 13. a3 Nc5 14. Nd4 Bb7 15. h4 Rfd8 16. h5 d5 17. exd5 Nxd4 18. Qxd4 exd5 19. O-O-O Ne6 20. Qg4 d4 21. g6 dxc3 22. Bd3 cxb2+ 23. Kb1 Bd5 24. gxf7+ Kxf7 25. Bxh7 Qc3 26. Rd3 Ba2+ 27. Kxa2 Rxd3 0-1

[Event "24th Klatovy A 2016"]
[Site "Klatovy CZE"]
[Date "2016.07.06"]
[Round "5.22"]
[White "Vanek, Petr"]
[Black "Hajek, Jiri2"]
[Result "0-1"]
[WhiteElo "2112"]
[BlackElo "1981"]
[PlyCount "98"]
[EventDate "2016.07.02"]
[EventType "swiss"]
[EventRounds "9"]
[EventCountry "CZE"]

1. e4 d5 2. Nc3 d4 3. Nce2 e5 4. d3 Bd6 5. f4 exf4 6. Bxf4 Bg4 7. Qd2 Nc6 8. Bxd6 Qxd6 9. g3 Nf6 10. Bg2 Ne5 11. h3 Be6 12. Nf3 Nxf3+ 13. Bxf3 Nd7 14. a3 Ne5 15. Bg2 f6 16. O-O O-O 17. Rac1 Rfd8 18. Nf4 Bf7 19. Kh1 Rac8 20. Qe2 b5 21. h4 c5 22. h5 h6 23. Bh3 Rc7 24. Bf5 c4 25. Rfd1 a5 26. dxc4 bxc4 27. Qg2 Rc5 28. c3 d3 29. Rd2 Rb8 30. Rf1 Rb6 31. Rff2 Rcb5 32. Kh2 a4 33. Kh3 Nc6 34. g4 Na5 35. Bg6 Nc6 36. Bxf7+ Kxf7 37. Nd5 Rb7 38. Qf3 Qe6 39. Qf5 Qxf5 40. gxf5 Na5 41. Ne3 Re5 42. Rf4 Rbe7 43. Rdf2 Rxe4 44. Nd5 Rxf4 45. Nxf4 Re5 46. Kg4 Nb3 47. Ng6 Re2 48. Kf3 Nd2+ 49. Kg2 Ne4 0-1

[Event "24th Klatovy A 2016"]
[Site "Klatovy CZE"]
[Date "2016.07.06"]
[Round "5.23"]
[White "Van der Hoeven, Gerben"]
[Black "Rosenbaum, Vit"]
[Result "0-1"]
[WhiteElo "1968"]
[BlackElo "2087"]
[PlyCount "36"]
[EventDate "2016.07.02"]
[EventType "swiss"]
[EventRounds "9"]
[EventCountry "CZE"]

1. e4 e6 2. d4 d5 3. Bd3 dxe4 4. Bxe4 Nf6 5. Bf3 c5 6. Ne2 Nc6 7. Be3 cxd4 8. Nxd4 Ne5 9. O-O Nxf3+ 10. Qxf3 Qd5 11. Qe2 Be7 12. Nc3 Qa5 13. Nb3 Qe5 14. Rfd1 O-O 15. Rd4 Bd7 16. Qd3 Bc6 17. Bf4 Qh5 18. Rd1 e5 0-1

[Event "24th Klatovy A 2016"]
[Site "Klatovy CZE"]
[Date "2016.07.06"]
[Round "5.24"]
[White "Molkanov, Oleg 2001"]
[Black "Turner, Radek"]
[Result "0-1"]
[WhiteElo "1860"]
[BlackElo "2077"]
[PlyCount "58"]
[EventDate "2016.07.02"]
[EventType "swiss"]
[EventRounds "9"]
[EventCountry "CZE"]

1. d4 Nf6 2. c4 g6 3. Nc3 Bg7 4. e4 d6 5. f3 c6 6. Be3 Nbd7 7. Qd2 h6 8. Bd3 a6 9. a4 Qa5 10. Nge2 c5 11. d5 Ne5 12. O-O Nxd3 13. Qxd3 O-O 14. h3 Qc7 15. f4 Bd7 16. Qd2 Kh7 17. Rf3 b5 18. Qd3 b4 19. Nd1 Nxe4 20. g4 f5 21. Ng3 Nxg3 22. Rxg3 e5 23. Qd2 exf4 24. Bxf4 g5 25. Bxg5 hxg5 26. Qxg5 f4 27. Rf3 Rad8 28. Qh5+ Kg8 29. Nf2 Be8 0-1

[Event "24th Klatovy A 2016"]
[Site "Klatovy CZE"]
[Date "2016.07.06"]
[Round "5.25"]
[White "Paldus, Jan"]
[Black "Gschwendtner, Stanislav"]
[Result "1/2-1/2"]
[WhiteElo "1753"]
[BlackElo "2058"]
[PlyCount "51"]
[EventDate "2016.07.02"]
[EventType "swiss"]
[EventRounds "9"]
[EventCountry "CZE"]

1. e4 c5 2. Nf3 d6 3. d4 cxd4 4. Nxd4 Nf6 5. Nc3 g6 6. Be3 Bg7 7. Be2 Nc6 8. O-O O-O 9. h3 d5 10. exd5 Nxd5 11. Nxd5 Qxd5 12. Nxc6 Qxc6 13. c3 Be6 14. Bf3 Qc7 15. Qa4 Bd7 16. Qb3 Bc6 17. Bxc6 bxc6 18. Rfd1 Rab8 19. Qc2 Rb5 20. a4 Rd5 21. c4 Rxd1+ 22. Rxd1 Rb8 23. b3 h5 24. Rd3 a5 25. Qd1 Rb7 26. Bc5 1/2-1/2

[Event "24th Klatovy A 2016"]
[Site "Klatovy CZE"]
[Date "2016.07.06"]
[Round "5.26"]
[White "Soural, Karel"]
[Black "Neuman Zakoucka, Adela 1987"]
[Result "1-0"]
[WhiteElo "2035"]
[BlackElo "1969"]
[PlyCount "109"]
[EventDate "2016.07.02"]
[EventType "swiss"]
[EventRounds "9"]
[EventCountry "CZE"]

1. c4 Nf6 2. Nc3 d6 3. g3 e5 4. Bg2 c6 5. d4 Be7 6. dxe5 dxe5 7. Qxd8+ Bxd8 8. Nf3 Nbd7 9. O-O O-O 10. Bg5 Bc7 11. Rad1 h6 12. Bc1 Nb6 13. b3 Be6 14. Ba3 Rfd8 15. Be7 Rxd1 16. Rxd1 Nfd7 17. Ba3 a5 18. c5 Nd5 19. Na4 Nb4 20. Rd2 Bd5 21. Ne1 Nf6 22. Bxb4 axb4 23. f3 e4 24. fxe4 Nxe4 25. Bxe4 Bxe4 26. Rd7 Be5 27. Kf2 Bb1 28. Nd3 Bc3 29. Nc1 Bf6 30. Rxb7 Bg5 31. Nd3 Bxa2 32. Rxb4 Bd2 33. Rb6 Re8 34. Nab2 Be3+ 35. Kf3 Bd4 36. Nc4 Re6 37. e3 Bc3 38. Nd6 Bb1 39. Nf4 Re5 40. Rxc6 g5 41. Rc8+ Kg7 42. Nh5+ Kg6 43. g4 Re7 44. Ng3 Bc2 45. c6 Bd1+ 46. Ne2 Bd2 47. Nc4 Be1 48. Rb8 f5 49. gxf5+ Kxf5 50. Rb7 g4+ 51. Kg2 Re6 52. Nd4+ Ke4 53. Nxe6 Bf3+ 54. Kf1 Bc3 55. Nc5+ 1-0

[Event "24th Klatovy A 2016"]
[Site "Klatovy CZE"]
[Date "2016.07.06"]
[Round "5.27"]
[White "Kaderabek, Jiri"]
[Black "Krauskopfova, Lenka 1996"]
[Result "0-1"]
[WhiteElo "2125"]
[BlackElo "1961"]
[PlyCount "64"]
[EventDate "2016.07.02"]
[EventType "swiss"]
[EventRounds "9"]
[EventCountry "CZE"]

1. e4 c5 2. Nf3 Nc6 3. Bb5 g6 4. O-O Bg7 5. Re1 Nd4 6. Bc4 e6 7. Nc3 d6 8. d3 Ne7 9. a4 Nec6 10. Nxd4 Nxd4 11. Ne2 O-O 12. c3 Nxe2+ 13. Qxe2 d5 14. Ba2 b6 15. exd5 exd5 16. Qf3 Be6 17. Bf4 Qd7 18. Bb3 Rad8 19. Qg3 Rfe8 20. h4 h5 21. Bg5 Rc8 22. Qf3 Qc6 23. Re2 a6 24. Rae1 b5 25. axb5 axb5 26. g3 Bf8 27. Re5 c4 28. Bc2 Bg7 29. R5e2 Rb8 30. Bf6 Bg4 31. Qf4 Bxe2 32. Bxg7 Kxg7 0-1

[Event "24th Klatovy A 2016"]
[Site "Klatovy CZE"]
[Date "2016.07.06"]
[Round "5.28"]
[White "Parizek, Vojtech"]
[Black "Sibl, Vaclav"]
[Result "1-0"]
[WhiteElo "2104"]
[BlackElo "1970"]
[PlyCount "95"]
[EventDate "2016.07.02"]
[EventType "swiss"]
[EventRounds "9"]
[EventCountry "CZE"]

1. e4 d6 2. d4 Nf6 3. Nc3 Nbd7 4. Nf3 e5 5. g4 Nxg4 6. Rg1 exd4 7. Nxd4 Nge5 8. Be3 Nb6 9. b3 c6 10. Qe2 Qc7 11. f4 Ng6 12. O-O-O Bd7 13. a4 a5 14. Qf2 Nc8 15. Bc4 Nce7 16. Nf3 h6 17. Bb6 Qb8 18. Qd2 Nc8 19. Be3 Qc7 20. f5 Ne5 21. Nxe5 dxe5 22. Bxf7+ Kxf7 23. Qxd7+ Qxd7 24. Rxd7+ Be7 25. Rxb7 Nd6 26. Rc7 Rhc8 27. Rxc8 Nxc8 28. Kb2 Rb8 29. Ka2 Bb4 30. Nb1 Be7 31. Rd1 Ke8 32. Bc1 Bd8 33. Na3 Nb6 34. Be3 Nd7 35. Nc4 Bc7 36. Bd2 Ra8 37. Bc3 Ke7 38. Rg1 Kf7 39. Rg6 Ra6 40. Re6 h5 41. Nxe5+ Bxe5 42. Bxe5 Nc5 43. Rg6 Nxe4 44. Rxg7+ Kf8 45. Rh7 Ng5 46. Rxh5 Nf7 47. Bc3 Ke7 48. Bxa5 1-0

[Event "24th Klatovy A 2016"]
[Site "Klatovy CZE"]
[Date "2016.07.06"]
[Round "5.29"]
[White "Mueller, Michael3"]
[Black "Cecil, Pavel"]
[Result "1/2-1/2"]
[WhiteElo "2102"]
[BlackElo "1929"]
[PlyCount "36"]
[EventDate "2016.07.02"]
[EventType "swiss"]
[EventRounds "9"]
[EventCountry "CZE"]

1. Nf3 Nf6 2. g3 g6 3. Bg2 Bg7 4. O-O O-O 5. d3 c5 6. e4 d6 7. c3 e5 8. a3 Nc6 9. Re1 Qb6 10. Nbd2 h6 11. Nc4 Qc7 12. a4 Be6 13. Nfd2 Rad8 14. a5 d5 15. exd5 Bxd5 16. Bf1 Rfe8 17. Qa4 Kh7 18. Qb5 Nd7 1/2-1/2

[Event "24th Klatovy A 2016"]
[Site "Klatovy CZE"]
[Date "2016.07.06"]
[Round "5.30"]
[White "Danek, Vaclav"]
[Black "Psaila, Clarence"]
[Result "0-1"]
[WhiteElo "1921"]
[BlackElo "2080"]
[PlyCount "100"]
[EventDate "2016.07.02"]
[EventType "swiss"]
[EventRounds "9"]
[EventCountry "CZE"]

1. e4 e6 2. d3 d5 3. Nd2 c5 4. Ngf3 Nf6 5. g3 Nc6 6. Bg2 Be7 7. O-O b6 8. e5 Nd7 9. Re1 Bb7 10. c3 Qc7 11. Qe2 O-O-O 12. a3 g5 13. h3 h5 14. Nf1 Rdg8 15. g4 hxg4 16. hxg4 Na5 17. b4 Nb3 18. Rb1 Nxc1 19. Rexc1 c4 20. Re1 cxd3 21. Qxd3 Qc4 22. Qd4 Qxd4 23. cxd4 Nf8 24. Ng3 Ng6 25. Bf1 Nf4 26. Re3 Kb8 27. Rc3 Rc8 28. Rbc1 Rxc3 29. Rxc3 Rc8 30. Rxc8+ Bxc8 31. b5 Bd7 32. a4 f6 33. Ne2 Ng6 34. Kh2 a6 35. Ng3 axb5 36. axb5 fxe5 37. Nxe5 Nxe5 38. dxe5 Bc5 39. f4 gxf4 40. Nh5 Bd4 41. g5 Be8 42. Nxf4 Bxe5 43. Kg3 Kc7 44. Bd3 Kd6 45. g6 Ke7 46. Kg4 Bxf4 47. Kxf4 Kf6 48. g7 e5+ 49. Kg4 Kxg7 50. Kg5 Bd7 0-1

[Event "24th Klatovy A 2016"]
[Site "Klatovy CZE"]
[Date "2016.07.06"]
[Round "5.31"]
[White "Stinka, Jakub"]
[Black "Bottema, Timo"]
[Result "1-0"]
[WhiteElo "1916"]
[BlackElo "2065"]
[PlyCount "73"]
[EventDate "2016.07.02"]
[EventType "swiss"]
[EventRounds "9"]
[EventCountry "CZE"]

1. e4 c5 2. Nf3 e6 3. d4 cxd4 4. Nxd4 Nc6 5. Nc3 Qc7 6. Be3 a6 7. Qd2 Nf6 8. f3 Be7 9. O-O-O b5 10. g4 d6 11. h4 Bb7 12. h5 Nd7 13. g5 Nb6 14. Nxc6 Qxc6 15. Qd4 Qc5 16. Qd2 Qc6 17. h6 Bf8 18. Qd4 Qc5 19. Qxc5 dxc5 20. Nxb5 Nd7 21. hxg7 Bxg7 22. Nd6+ Ke7 23. Nxb7 Rhb8 24. Rxd7+ Kxd7 25. Nxc5+ Kc6 26. c3 Rb6 27. Nxe6 fxe6 28. Bxb6 Kxb6 29. Rxh7 Be5 30. Rf7 Rh8 31. f4 Bd6 32. Bc4 Rh4 33. e5 Bc5 34. g6 Be3+ 35. Kc2 Bxf4 36. g7 Rg4 37. Rxf4 1-0

[Event "24th Klatovy A 2016"]
[Site "Klatovy CZE"]
[Date "2016.07.06"]
[Round "5.32"]
[White "Van Kempen, Roderick"]
[Black "Kovar, Petr"]
[Result "1-0"]
[WhiteElo "2042"]
[BlackElo "1915"]
[PlyCount "101"]
[EventDate "2016.07.02"]
[EventType "swiss"]
[EventRounds "9"]
[EventCountry "CZE"]

1. e4 c5 2. c3 d5 3. exd5 Qxd5 4. d4 Nc6 5. Nf3 Bg4 6. Be2 cxd4 7. cxd4 Nf6 8. Nc3 Qd8 9. Be3 e6 10. O-O Be7 11. Qb3 Rb8 12. Rfd1 O-O 13. h3 Bf5 14. a3 Nd5 15. Rac1 Qb6 16. Qa2 Rfd8 17. Kh1 Bf6 18. Nxd5 exd5 19. b4 Rbc8 20. Rc5 Be6 21. Rdc1 a6 22. Qd2 Be7 23. R5c3 Na7 24. Ne5 Rxc3 25. Rxc3 Rc8 26. Qc2 Rxc3 27. Qxc3 f6 28. Nf3 Qc6 29. Qb3 Nb5 30. Nd2 Nd6 31. Nb1 Nc4 32. Nc3 b5 33. Bf3 Bd6 34. Kg1 Bc7 35. Kf1 Nxe3+ 36. fxe3 Qc4+ 37. Qxc4 dxc4 38. Bb7 a5 39. Nxb5 Bb6 40. Ke2 axb4 41. axb4 Kf7 42. d5 Bf5 43. Nd6+ Kg6 44. Nxc4 Bd8 45. Bc6 Be4 46. g3 Bg2 47. h4 Kf7 48. Kf2 Bh3 49. b5 Bf5 50. Nd6+ Kg6 51. Be8+ 1-0